00981nam a2200205Ia 4500008004100000020001500041041001200056082001600068100001800084245007200102260003700174300000800211650001600219700001500235942000700250999001500257952016100272952017100433952017100604221030s9999 xx 000 0 und d a8187433272 aEnglish a105.23bCha aB. S. Chhabra 0aDigital Electronics & Microprocessorscby B. S. Chhabra, A. Chhabra bDhanpat Rai PubaNew Delhic1999 a436 aBE Computer aA. Chhabra cBK c1343d1343 pBE 5684g135.00l0o105.23 Char2024-06-13 00:00:00w2022-10-30yBK003Print4071aMIETLIBbMIETLIBcBL-Second, FL-1, CUP-22, SH-2, R-2d2002-06-2010HBE pBE 5685g135.00l0o105.23 Chhr2024-06-13 00:00:00w2022-10-30yBK003Print4070aMIETLIBbMIETLIBcBL-Academic Block C, FL-2, CUP-93, SH-5, R-5d2002-06-2010HBE pBE 5686g135.00l0o105.23 Chhr2024-06-13 00:00:00w2022-10-30yBK003Print4070aMIETLIBbMIETLIBcBL-Academic Block C, FL-2, CUP-93, SH-6, R-6d2002-06-2010HBE